<?xml version="1.0" encoding="UTF-8"?>
<record
    xmlns:xsi="http://www.w3.org/2001/XMLSchema-instance"
    xsi:schemaLocation="http://www.loc.gov/MARC21/slim http://www.loc.gov/standards/marcxml/schema/MARC21slim.xsd"
    xmlns="http://www.loc.gov/MARC21/slim">

  <leader>00597nam a22001817a 4500</leader>
  <controlfield tag="003">OSt</controlfield>
  <controlfield tag="005">20160128163031.0</controlfield>
  <controlfield tag="008">160128s2015    sp ||||| |||| 00| 0 spa d</controlfield>
  <datafield tag="020" ind1=" " ind2=" ">
    <subfield code="a">9788433963963</subfield>
  </datafield>
  <datafield tag="040" ind1=" " ind2=" ">
    <subfield code="b">cat</subfield>
    <subfield code="c">CDMR</subfield>
  </datafield>
  <datafield tag="100" ind1="1" ind2=" ">
    <subfield code="9">4617</subfield>
    <subfield code="a">Cag&#xE9;, Julia</subfield>
  </datafield>
  <datafield tag="245" ind1="1" ind2="0">
    <subfield code="a">Salvar los medios de comunicaci&#xF3;n</subfield>
    <subfield code="b">: capitalismo, financiaci&#xF3;n participativa y democracia</subfield>
    <subfield code="c">Julia Cag&#xE9; ; presentaci&#xF3;n de Thomas Piketty</subfield>
  </datafield>
  <datafield tag="260" ind1=" " ind2=" ">
    <subfield code="a">Barcelona</subfield>
    <subfield code="b">Anagrama</subfield>
    <subfield code="c">2016</subfield>
  </datafield>
  <datafield tag="300" ind1=" " ind2=" ">
    <subfield code="a">133 p;</subfield>
    <subfield code="b">19 cm</subfield>
  </datafield>
  <datafield tag="490" ind1="0" ind2=" ">
    <subfield code="a">Argumentos</subfield>
    <subfield code="v">493</subfield>
  </datafield>
  <datafield tag="650" ind1="0" ind2="4">
    <subfield code="9">3178</subfield>
    <subfield code="a">Mitjans de comunicaci&#xF3; de massa</subfield>
    <subfield code="x">Aspectes econ&#xF2;mics</subfield>
  </datafield>
  <datafield tag="942" ind1=" " ind2=" ">
    <subfield code="c">MON</subfield>
  </datafield>
  <datafield tag="999" ind1=" " ind2=" ">
    <subfield code="c">6910</subfield>
    <subfield code="d">6910</subfield>
  </datafield>
  <datafield tag="952" ind1=" " ind2=" ">
    <subfield code="0">0</subfield>
    <subfield code="1">0</subfield>
    <subfield code="4">0</subfield>
    <subfield code="7">0</subfield>
    <subfield code="a">CDMR</subfield>
    <subfield code="b">CDMR</subfield>
    <subfield code="d">2016-01-28</subfield>
    <subfield code="e">Intercanvi</subfield>
    <subfield code="g">14.90</subfield>
    <subfield code="l">15</subfield>
    <subfield code="m">9</subfield>
    <subfield code="o">Cm 1/37</subfield>
    <subfield code="p">CDMR16010002</subfield>
    <subfield code="r">2024-11-28</subfield>
    <subfield code="s">2024-11-07</subfield>
    <subfield code="v">14.90</subfield>
    <subfield code="w">2016-01-28</subfield>
    <subfield code="y">MON</subfield>
  </datafield>
</record>
